000 01377nam a2200325 c 4500
003 BLK
005 20180420231041.0
008 180409b bul|||||r ||||||| ||bul||
010 _aKNG00120748000
040 _aBLK
041 _aBUL
_cBUL
080 _aПодреждане и аранжиране на цветя - Изработване на букети, гирлянди, венци, аранжиране в вази и др. съдове, икебана и др. на сушени растения, семена
_b745.9
_x
_z745.9
100 1 _aМирска, Рима Иванова
_eпърви автор
_9314018
139 _aМирска, Рима Иванова
_bМ 68
245 1 0 _aИкебана
_cРима Иванова Мирска.
257 _aBGR
260 София
_bОтечество
_c1988
_fРусе : Дунав
300 _a32 с.
_bс цв. ил.
_c16х24 см
380 _a7
490 1 _aПоредица Сръчния Ежко
650 4 _aИкебана
_9156806
650 4 _aЦветя - аранжиране и символика
_9250675
653 _aцветя
653 _aикебана
852 _aЦб І 24185
856 4 _qpdf
_u
856 4 _qpdf
_u
942 _cKNG
_n0
944 _aCR
_c12.01.2011
_lдобави в АБ / 11.01.2011
_kИрена_Линкова
944 _aED
_c27.07.2015
_lдобави в АБ / 11.01.2011
_kИрена_Линкова
999 _c115271
_d115271